Полимеризация олигомеров молочной кислоты в присутствии аминокислот в условиях микроволнового облучения; Химия и химическая технология в XXI веке

Bibliografski detalji
Parent link:Химия и химическая технология в XXI веке.— 2018.— [С. 313-315]
Glavni autor: Гусар А. О. Анна Олеговна
Autor kompanije: Национальный исследовательский Томский политехнический университет Инженерная школа природных ресурсов Отделение химической инженерии
Daljnji autori: Лаврикова Р. Г. (научный руководитель), Губа Г. Я. Галина Яковлевна
Sažetak:Заглавие с экрана
Jezik:ruski
Izdano: 2018
Serija:Теоретические и прикладные аспекты физической и аналитической химии
Теоретические и прикладные аспекты фармации и биотехнологии
Teme:
Online pristup:http://earchive.tpu.ru/handle/11683/49775
Format: Elektronički Poglavlje knjige
KOHA link:https://koha.lib.tpu.ru/cgi-bin/koha/opac-detail.pl?biblionumber=626930

MARC

LEADER 00000naa2a2200000 4500
001 626930
005 20231101133433.0
035 |a (RuTPU)RU\TPU\conf\26603 
035 |a RU\TPU\conf\26601 
090 |a 626930 
100 |a 20180808d2018 k y0rusy50 ca 
101 0 |a rus 
102 |a RU 
105 |a y z 101zy 
135 |a drcn ---uucaa 
181 0 |a i  
182 0 |a b 
200 1 |a Полимеризация олигомеров молочной кислоты в присутствии аминокислот в условиях микроволнового облучения  |f А. О. Гусар, Р. Г. Лаврикова  |g науч. рук. Г. Я. Губа 
203 |a Текст  |c электронный 
225 1 |a Теоретические и прикладные аспекты физической и аналитической химии 
225 1 |a Теоретические и прикладные аспекты фармации и биотехнологии 
230 |a 1 компьютерный файл (pdf; 751 Kb) 
300 |a Заглавие с экрана 
320 |a [Библиогр.: с. 315 (2 назв.)] 
463 0 |0 (RuTPU)RU\TPU\conf\26227  |t Химия и химическая технология в XXI веке  |o материалы XIX Международной научно-практической конференции студентов и молодых ученых имени профессора Л. П. Кулёва, 21-24 мая 2018 г., г. Томск  |f Национальный исследовательский Томский политехнический университет  |v [С. 313-315]  |d 2018 
610 1 |a электронный ресурс 
610 1 |a труды учёных ТПУ 
610 1 |a полимеризация 
610 1 |a олигомеры 
610 1 |a молочная кислота 
610 1 |a аминокислоты 
610 1 |a микроволновое облучение 
610 1 |a бетулин 
610 1 |a полимолочная кислота 
610 1 |a катализаторы 
700 1 |a Гусар  |b А. О.  |c химик  |c инженер Томского политехнического университета  |f 1992-  |g Анна Олеговна  |2 stltpush  |3 (RuTPU)RU\TPU\pers\41358 
701 1 |a Лаврикова  |b Р. Г. 
702 1 |a Губа  |b Г. Я.  |c химик  |c доцент Томского политехнического университета, кандидат химических наук  |f 1950-  |g Галина Яковлевна  |2 stltpush  |4 727 
712 0 2 |a Национальный исследовательский Томский политехнический университет  |b Инженерная школа природных ресурсов  |b Отделение химической инженерии  |h 8085  |2 stltpush  |3 (RuTPU)RU\TPU\col\23513 
801 2 |a RU  |b 63413507  |c 20180821  |g RCR 
856 4 |u http://earchive.tpu.ru/handle/11683/49775 
942 |c BK